Africa

Uloženo v:
Podrobná bibliografie
Hlavní autor: Quilici, Folco (Autor)
Médium: Kniha
Jazyk:španělština
Vydáno: Barcelona Danae 1980
Edice:Geográfica Danae
Témata:
Tagy: Přidat tag
Žádné tagy, Buďte první, kdo vytvoří štítek k tomuto záznamu!

MARC

LEADER 00000nam a2200000 a 4500
001 UCP7945
003 CL-VaPUC
008 000106e19800000SP |||||||||||||||||spa|d
082 0 4 |a 916  |b QUI  |2 21 
100 0 |a Quilici, Folco  |e author  |9 437680 
245 1 0 |a Africa 
300 |a 2 v 
942 |c BK 
945 |d 20000106 00:00:00  |a rherrera 
260 |a Barcelona  |b Danae  |c 1980 
500 |a v.1: Grandes Elementos Naturales 
650 7 |a GEOGRAFIA AFRICANA  |2 CL-VaPUC  |9 437681 
650 0 |a Geografía política  |9 268296 
650 0 |a Geografía económica   |9 267757 
650 0 |a Geografía humana  |9 267193 
650 0 |a Geopolítica  |9 313921 
650 7 |a HISTORIA DE AFRICA  |2 CL-VaPUC  |9 437682 
651 0 |a África  |9 256790 
583 |a last modification  |c 20000106 00:00:00  |k Rodrigo Vera 
490 0 |a Geográfica Danae 
999 |c 284982  |d 284980 
952 |0 0  |1 0  |4 0  |6 916_000000000000000_QUI_1980  |7 0  |8 X  |9 329312  |a BIBHIS  |b BIBHIS  |d 2019-11-20  |h v.1  |i 1376667  |o 916 QUI 1980  |p 1376667  |r 2024-01-30  |w 2019-11-20  |y BK_X  |k HIS 
952 |0 0  |1 0  |4 0  |6 916_000000000000000_QUI_1980  |7 0  |8 X  |9 329313  |a BIBHIS  |b BIBHIS  |d 2019-11-20  |h v.2  |i 1376675  |o 916 QUI 1980  |p 1376675  |r 2024-01-30  |w 2019-11-20  |y BK_X  |k HIS